000 00803nam a22002777a 4500
005 20150330035700.0
006
008 101004s2010 nyua s 001 0 eng d
020 _z9780071668958
041 0 _aeng
080 _a004
100 1 _aMayo, Joseph.
245 1 0 _aMicrosoft Visual studio 2010
_cJoe Mayo ; technical editor, Roy Ogborn.
246 3 0 _aVisual studio 2010
256 _aComputer document.
260 _aNew York :
_bMcGraw-Hill,
_c2010
300 _a426 f.
_bme il.;
_c23 cm
505 _aIndex: f. 417 - 426
630 0 0 _aMicrosoft Visual studio.
650 0 _aKompjuterat
650 0 _aAplikimi i Softverit
650 0 _aInternet
655 7 _aElectronic books.
_2lcsh
700 1 _aOgborn, Roy.
_4edt
942 _2udc
_cBK
999 _c575
_d575